| 000 | 00360nam a2200133Ia 4500 | ||
|---|---|---|---|
| 008 | 240624s9999 xx 000 0 und d | ||
| 041 | _aeng | ||
| 082 | _a305.3014 DOW | ||
| 100 | _aDOW BONNIE J | ||
| 245 | _aSAGE HANDBOOK OF GENDER AND COMMUNICATIO | ||
| 260 |
_c2006 _aNew Delhi _bSage Publications |
||
| 300 | _axxiv, : 479 : p. : cm. ; 25 | ||
| 365 |
_cBPS _b30 |
||
| 999 |
_c8558 _d8558 |
||